[Event "GER CupT 3rd place"]
[Site "Berlin"]
[Date "2003.03.23"]
[Round "2.2"]
[White "Hansen, Sune Berg"]
[Black "Meister, Jakob"]
[Result "1-0"]
[WhiteElo "2537"]
[BlackElo "2512"]
[Annotator "Bangiev,A"]
[PlyCount "91"]
[EventDate "2003.03.22"]
[EventType "team"]
[EventRounds "2"]
[EventCountry "GER"]
[SourceTitle "CBM 095"]
[Source "ChessBase"]
[SourceDate "2003.07.25"]
[SourceVersion "1"]
[SourceVersionDate "2003.07.25"]
[SourceQuality "1"]

1. e4 c5 2. b3 Nc6 3. Bb2 e5 4. Bb5 {Ein guter Zug. Die weißen Figuren wirken
auf den Punkt e5 optimal zusammen.} d6 (4... Nge7 5. Ne2 a6 6. Bxc6 Nxc6 7. O-O
d6 8. Nbc3 (8. f4 g6 9. Nbc3 Bg7 10. Nd5) 8... Be6 9. f4 f6 10. Nd5) (4... Nd4
5. Bc4 Nf6 (5... Qg5 6. Bxd4 Qxg2 7. Qh5 Nh6 8. Qxe5+ Kd8 9. Be3 Qxh1 10. f3 {
1-0 Gelashvili,T-Thoma,R/Panormo 2001/(22)}) 6. Nc3 Be7 7. Nge2 O-O 8. d3 Rb8
9. a4 a6 10. a5 d6 11. Qd2 $14 {1/2-1/2 Gelashvili,T-Najer,E/Panormo 2001/(52)}
) 5. Bxc6+ {Dieser Abtausch soll aus weißer Sicht die schwarzen Felder im
Lager des Nachziehenden schwächen. Es ist wichtig, dass Weiß diese Strategie,
nämlich die schwarzen Steine zu tauschen, die die schwarzen Felder verteidigen
können, zielstrebig weiterentwickelt.} (5. Ne2 Nf6 6. Nbc3 Be7 7. O-O O-O 8. a4
Nd4 9. Bc4 b6 10. Bd5 Rb8 11. f4 a6 12. f5 $1 $14 {0-1 Kulashko,A-Bacrot,E/
Bled 2002/(39)}) 5... bxc6 6. Ne2 {./\ 0-0 gefolgt von f4} Qg5 (6... Qh4 7. O-O
Nf6 8. f4 $1 Be7 9. Nbc3 O-O 10. Qe1 Qh6 11. f5 $1 (11. fxe5 Ng4 12. Qg3 Bh4) (
11. d3 Ng4 12. Qg3 f5 $13) 11... d5 12. Bc1 dxe4 13. Ng3 e3 14. Nce4 Qh4 15. d3
$36 {1-0 Reefat,B-Dao Thien Hai/Calcutta 2001/(34)}) 7. O-O Bh3 (7... d5 $6 {
schwächt endgültig Pc5} 8. d3 $16) (7... Nf6 8. d3 (8. f4 exf4 9. Nxf4 Nxe4 10.
Qe1 Qe7 $13) 8... Be7 9. f4) 8. Ng3 Be6 9. d3 {[%mdl 32] Weiß verfolgt eine
ziemlich einfache Strategie, er platziert die Bauern auf den weißen Feldern,
dadurch werden die schwarzen Bauern auf den schwarzen Feldern blockiert und zu
Angriffszielen für Weiß werden. Im weiteren soll er bestrebt sein, den Druck
auf den Bauern c5 und e5 zu verstärken und die Kontrolle des Nachziehenden
über die schwarzen Felder ständig zu schwächen.} h5 $6 {Eine harmlose Idee,
die Weiß von seinem Plan nicht ablenken kann.} (9... Ne7 $5 {/\Ng6}) (9... Nf6
{Schwarz sollte bestrebt sein, die weißen Felder, u.a. den Pe4 anzugreifen, z.
B.} 10. f4 exf4 11. Qd2 d5 $5) 10. f4 $1 {Der Vorstoß f2-f4 stellt in dieser
Stellung eine der Schlüsselideen dar.} exf4 11. Ne2 Be7 (11... Bg4 12. Qd2 (12.
Nbc3 f3) 12... Bxe2 13. Qxe2 Ne7 14. Qf2 Ng6 15. Nc3 {/\Ne2} Be7 16. Ne2 Bf6
17. Bxf6 Qxf6 18. Nxf4 Nxf4 19. Qxf4 Qxf4 20. Rxf4 $14) 12. Nxf4 Bf6 {Es ist
fraglich, ob Schwarz die schwarzfeldrigen Läufer tauschen sollte.} (12... Nf6 {
Es wäre empfehlenswert den Läufer e7 zu behalten um die schwarzen Felder
besser verteidigen zu können.} 13. Nd2 O-O 14. Qe2 Bg4 15. Qe3 $14) 13. Qc1 $1
{Weiß behauptet damit seine Absichten die schwarzen Felder zu bekämpfen.} (13.
Nxe6 {nicht schlecht, aber unkonsequent. Man beachte der Be6 verteidigt die
weißen Felder!}) 13... Bxb2 14. Qxb2 Nf6 15. Nd2 Ng4 16. Rae1 Ne5 {Eine
Ungenauigkeit, die Weiß sofort ausnutzen kann.} (16... O-O $142 17. c3 {/\d4} (
17. d4 $5) 17... Ne5 18. d4 Nd7 19. Qa3 (19. Qc1 Rfe8 20. Nf3 Qh6 $14) 19...
Rfe8 20. Qa5 $14) 17. Nxe6 $1 {Dies soll den Nc4 ermöglichen} fxe6 18. Nc4 $1 {
Schwarz ist nicht mehr in der Lage die schwarzen Felder (d6 und e5) zu sichern.
} Rd8 (18... Nxc4 19. bxc4 Qe7 20. Rb1 $16) 19. Nxe5 Qxe5 20. Qxe5 dxe5 {
Das Turmendspiel ist für Weiß relativ leicht gewonnen. Man beachte u.a. den
Königsmarsch nach c4.} 21. Re3 h4 22. Ref3 Rd7 23. R1f2 a5 24. Kf1 Re7 25. Ke2
g5 26. Rf6 Rg8 27. Rh6 Kd7 28. Rff6 Kd6 29. Rhg6 Rxg6 30. Rxg6 c4 31. dxc4 Rf7
32. Rxg5 Rf4 33. Ke3 Rf1 34. h3 Re1+ 35. Kd3 a4 36. bxa4 Rd1+ 37. Kc3 Re1 38.
Rg4 Kc5 39. Rxh4 Re3+ 40. Kd2 Kd4 41. Rg4 Ra3 42. h4 Rxa2 43. h5 Ra1 44. Rh4
Rg1 45. c3+ Kxc4 46. Rh2 1-0

[Event "Bundesliga 0405"]
[Site "Germany"]
[Date "2005.01.30"]
[Round "9.5"]
[White "Mann, Christian"]
[Black "Bezold, Michael"]
[Result "1/2-1/2"]
[WhiteElo "2455"]
[BlackElo "2532"]
[Annotator "Bangiev,A"]
[PlyCount "51"]
[EventDate "2004.11.12"]
[EventType "team-tourn"]
[EventRounds "15"]
[EventCountry "GER"]
[SourceTitle "CBM 106"]
[Source "ChessBase"]
[SourceDate "2005.06.06"]
[SourceVersion "1"]
[SourceVersionDate "2005.06.06"]
[SourceQuality "1"]
[WhiteTeam "Eppingen"]
[BlackTeam "Hamburger SK"]
[WhiteTeamCountry "GER"]
[BlackTeamCountry "GER"]

1. g3 g6 2. Bg2 Bg7 3. e4 c5 4. Ne2 Nc6 5. O-O e5 6. Nbc3 Nge7 7. Nd5 Nxd5 8.
exd5 Ne7 9. c3 Nf5 10. d4 cxd4 11. cxd4 exd4 12. g4 $6 {Keine gute Idee: Man
beachte, dass der N auf f5 nicht optimal platziert ist, auf h4 steht er aber
ausgezeichnet!} (12. Be4 $5 Nd6 (12... O-O 13. Bxf5 gxf5 14. Nxd4) (12... d6
13. Bxf5 Bxf5 14. Nxd4 Bh3 15. Re1+ Kf8 16. Be3 $14) 13. Bd3 O-O 14. b3 (14.
Bf4 Qf6 15. Qd2 Re8 16. Rae1 b6) 14... Qa5 15. Bd2 Qd8 (15... Qxd5 16. Nf4 $16)
16. Bb4 Qb6 17. Ba3 Re8 18. Re1 Ne4 19. Nf4 $14) 12... Nh4 13. Bh1 {[%csl Ge5,
Gh2]} h5 $5 14. Nxd4 hxg4 15. Qxg4 d6 16. Re1+ Kf8 $17 {[%csl Ge5,Gf2,Gh2]
[%cal Ye5f4,Yg5h4] Schwarz ist nun im Vorteil: die Bauernschwächen auf h2 bzw.
f2, die Felderschwächen auf f4 bzw. h4 begünstigen die Befolgung der
e5-Strategie in Richtung f4. Schwarz soll bestrebt sein, die Felder g5 bzw. e5
zu besetzen, aber auch den Zug Bf4 zu verhindern.} 17. Qf4 {[%csl Ge5,Gh2]
[%cal Yg5h4,Ye5f4]} (17. Qe4 {/\ Bf4} g5 $1 {Dies soll Bf4 endgültig verhindern
} (17... Rh5 {Dies ist gegen Bf4 "taktisch" gerichtet.} 18. Bf4 (18. Ne2 $1)
18... Rg5+ $1 19. Bg3 (19. Bxg5 Qxg5+ 20. Kf1 Bh3+) 19... Rg4 20. f4 g5 21. Kf1
gxf4 22. Bxh4 Rxh4) 18. Re2 (18. Be3 $6 Be5 {[%csl Gh2]} 19. Re2 {[%csl Gh2]}
Qd7 {/\Bh2} 20. f3 Qh3 $19) 18... Be5 19. Rc2 Qe7 $17 20. Re2 Qd7) (17. Qd1 g5
(17... Be5 18. f4) 18. Qd3 (18. Be4 Be5 19. Qd3 Bxh2+) 18... Be5 19. h3 Qf6 $17
) 17... Kg8 (17... Be5 18. Rxe5 dxe5 19. Qxe5 Rh5 20. Qf4) (17... g5 $1 {
[%mdl 160] Dies soll unter Tempogewinn die Verstärkung Bf4 verhindern.} 18. Qe3
(18. Qe4 Be5 {s. 17.Qe4}) 18... Be5 {[%cal Ye5f4,Yg5h4] /\ Bh2} 19. h3 (19. Bd2
Bxh2+ 20. Kxh2 Ng6+ 21. Kg1 g4 $19 {/\ Qh4}) (19. Be4 {[%cal Ye5f4]} Qf6 {
[%csl Gf2,Gh2][%cal Ye5f4]} (19... Bxh2+ 20. Kf1) 20. Nf3 Nxf3+ 21. Qxf3 Bxh2+
22. Kf1 Bh3+ $19) 19... Qd7 20. Ne2 g4 $17) 18. Qe4 Be5 (18... Bd7 19. Bf4 Qf6
20. Nb3 Nf5 $17 {[%cal Ye5f4,Yg5h4]}) 19. Bf4 $1 $11 Rh5 20. Bg3 {[%csl Gf2,
Gh2][%cal Ye5f4,Yg5h4] Der Läufer auf g3 verteidigt die wichtigen Felder f2,
f4, h4, h2, was Weiß erlaubt den Ausgleich zu halten.} Bd7 21. Nf3 Bf6 (21...
Nxf3+ $142 22. Bxf3 Rg5 $132) 22. Nxh4 Bxh4 23. Qb4 Bxg3 24. hxg3 (24. fxg3 $5
{[%cal Yd4e5] /\ Bg2, Kh1}) 24... Qf6 25. Bg2 b6 26. Rac1 $14 1/2-1/2

[Event "FRA-chT Top 16 GpA"]
[Site "Mulhouse"]
[Date "2005.02.06"]
[Round "3"]
[White "Vallejo Pons, Francisco"]
[Black "Van der Stricht, Geert"]
[Result "1-0"]
[WhiteElo "2686"]
[BlackElo "2425"]
[Annotator "Bangiev,A"]
[PlyCount "53"]
[EventDate "2005.02.04"]
[EventType "team"]
[EventRounds "7"]
[EventCountry "FRA"]
[SourceTitle "CBM 106"]
[Source "ChessBase"]
[SourceDate "2005.06.06"]
[SourceVersion "1"]
[SourceVersionDate "2005.06.06"]
[SourceQuality "1"]

1. e4 c5 2. Ne2 d6 3. g3 Nf6 4. Bg2 Nc6 5. c3 e5 6. d4 cxd4 7. cxd4 exd4 8.
Nxd4 Nxd4 (8... Qb6 9. Nxc6 $1 bxc6 10. O-O Be7 11. Nc3 $14 {Weiß steht wegen
der besseren Bauernstruktur (die Bauern auf c6, d6 werden für Weiß langfristig
zum Angriffsziel) besser.}) (8... Bd7 9. Nc3 $14) 9. Qxd4 Be7 10. O-O O-O 11.
Nc3 $14 {Weiß verfügt über einen deutlichen Raumvorteil und ein freies Spiel.
Der e5-Raum und die Felder c7, d6 sind nicht genügend gedeckt. Weiß ist im
Begriff, Druck auf der d-, bzw. c-Linie aufzubauen.} Qa5 {[%csl Gc7]} 12. Bf4
Rd8 {Das Feld d8 ist nun für die Dame a5 gesperrt. Die Erwiderung kommt sofort.
} (12... Be6 13. Bxd6 $16) 13. b4 $1 Qh5 (13... Qc7 14. Rac1) (13... Qa3 14.
Rfb1) 14. f3 {Weiß beabsichtigt nun die Dame auf h5 zu isolieren.} (14. Rac1 $5
{[%csl Gc7]} Be6 {[%csl Gc7]} 15. Rc2 Ng4 16. h3 Nf6 (16... Ne5 17. Nd5) 17. g4
Qg6 18. Rfc1 $14) 14... Be6 15. g4 $6 (15. Rac1 d5 16. e5 Nd7 17. Nb5 $40)
15... Qg6 (15... Qh4 $6 16. Bg3 Qh6 17. h4 $16) 16. Be3 {[%csl Gd4,Ge4][%cal
Ye4f5] Weiß kontrolliert beide Räume: den e4-Raum und den e4-Raum, er hat also
eine gute Ausgangsposition für die Entfaltung einer Initiative. /\Ne2-f4} (16.
h4 $5 Nd7 17. h5 Qf6) 16... Rdc8 (16... d5 $1 {[%csl Gd5] Schwarz sollte
bestrebt sein, über einen Raum, hier den d5-Raum, zu verfügen.} 17. e5 Nd7 $132
) 17. Ne2 Nd7 18. Qd2 (18. Nf4 Qf6) 18... Nb6 19. Nf4 Qf6 20. Nh5 Qg6 21. Bd4
Bf8 {Die schwarze Stellung bleibt stabil.} (21... Nc4 22. Qf2 Ne5 $132 23. h3
Rc4 24. Rfd1 (24. f4 Bxg4 $1) 24... Rac8 $132) 22. h3 {Einfach und stark: /\f4
+ f5} Nc4 $6 23. Qf2 {/\ f4} Qg5 24. f4 Qb5 25. Qh4 $1 $16 {[%mdl 128] /\f5
gefolgt von Qg5; /\Nf6} (25. f5 {[%cal Ye4f5]} Bd7 $14) 25... Nd2 $2 {[%mdl
8192]} (25... h6 26. Nf6+ gxf6 27. Qxf6 Ne5) (25... Qxb4 26. Rab1 Qd2 27. Rfd1
Qa5 28. f5 Bd7 29. Qg5 $16) 26. Nf6+ $1 {[%mdl 64]} gxf6 27. Qxf6 1-0

[Event "Bled/Rogaska Slatina"]
[Site "Bled"]
[Date "1991.??.??"]
[Round "10"]
[White "Damljanovic, Branko"]
[Black "Grosar, Aljosa"]
[Result "1-0"]
[WhiteElo "2560"]
[BlackElo "2370"]
[Annotator "Blatny,P"]
[PlyCount "77"]
[EventDate "1991.06.??"]
[EventType "tourn"]
[EventRounds "13"]
[EventCountry "SLO"]
[EventCategory "12"]
[SourceTitle "CBM 024"]
[Source "ChessBase"]
[SourceDate "1991.10.01"]
[SourceVersion "1"]
[SourceVersionDate "1991.10.01"]
[SourceQuality "1"]

1. g3 c5 2. Bg2 Nf6 (2... Nc6 3. e4 g6 4. f4 Bg7 5. Nf3 e6 6. d3 Nge7 {-->
Cabrilo-Nikcevic CBM24}) 3. e4 Nc6 4. f4 {()} d6 5. d3 g6 6. Nf3 Bg7 7. O-O O-O
8. c3 (8. Nbd2 {--> Strikovic-Akopian CBM24}) 8... e5 9. Na3 Rb8 (9... Ne8 $142
) 10. Nc4 Qc7 11. f5 b5 (11... gxf5 12. Nh4 fxe4 (12... f4 13. gxf4 Bg4 14. Qe1
$16) 13. dxe4 {/\Nc4-e3-f5->>>~/=}) (11... d5 12. Ncxe5 (12. exd5 Nxd5 13.
Nfxe5 Nxe5 14. Bxd5 Bxf5 15. Bf4 b5 16. Nxe5 Bxe5 $10) 12... dxe4 (12... Nxe5
13. Nxe5 dxe4 (13... Qxe5 14. Bf4 $18) 14. dxe4 Re8 (14... Nxe4 15. fxg6 Qxe5 (
15... hxg6 16. Nxg6 Nxc3 17. bxc3 fxg6 18. Bd5+ Kh7 (18... Kh8 19. Bf4 Be5 20.
Bxe5+ $18) 19. Rxf8 Bxf8 20. Bf4 Bd6 21. Bxd6 Qxd6 22. Bg8+ $18) 16. gxh7+ {
/\ Bf4 +-}) 15. Nc4 $16) 13. dxe4 Nxe4 14. Nxc6 Qxc6 15. Bf4 Ra8 16. fxg6 hxg6
(16... Qxg6 17. Nh4 Qe6 (17... Qc6 18. Qc2 f5 19. Rae1 Re8 20. g4 $18) 18. Re1
f5 19. Nxf5 $1 Nxc3 20. Rxe6 Nxd1 21. Nxg7 $1 $18) 17. Ng5 f5 18. Qc2 Re8 19.
Rae1 $18) 12. Ne3 Rd8 13. g4 d5 14. exd5 Nxd5 15. Nxd5 Rxd5 16. Ng5 Rd8 (16...
Rd6 17. Ne4 $40) 17. Qf3 $1 Rb6 18. Qh3 h6 (18... h5 19. gxh5 (19. Be4 Ne7 20.
Nxf7 Kxf7 21. fxg6+ Ke8 22. Rf7 $40 (22. Qxh5 Bb7 {><g6})) 19... gxf5 (19...
Bxf5 20. Rxf5 gxf5 21. Qxf5 $40) 20. h6 $40) 19. fxg6 $1 fxg6 20. Nf7 $16 h5 (
20... Re8 21. Bxh6 $18) (20... Rf8 21. Nxh6+ Bxh6 22. Bxh6 Rd8 23. Bd5+ Rxd5
24. Rf8+ $18 {/\#}) 21. Nxd8 Nxd8 22. Bf3 Qd7 23. Qg2 hxg4 24. Bd5+ Kh7 25. Be3
Bb7 (25... Qd6 {/\Bf5}) 26. Be4 (26. Bxb7 Nxb7 27. b4 Qxd3 28. Bxc5 Nxc5 29.
bxc5 $16) 26... Rd6 27. Bxc5 Rxd3 28. Rae1 Rd2 29. Rf2 Rd1 30. Rxd1 Qxd1+ 31.
Rf1 Qd7 32. Bxb7 Nxb7 33. Bf8 $18 Bxf8 34. Rxf8 Nd8 35. Rf1 Nf7 36. Qf2 Kg7 37.
Qf6+ Kf8 38. Qxe5 a6 39. Qh8+ 1-0

[Event "WchT 3rd"]
[Site "Luzern"]
[Date "1993.??.??"]
[Round "2.4"]
[White "Nadyrhanov, Sergey"]
[Black "Stefansson, Hannes"]
[Result "1-0"]
[WhiteElo "2460"]
[BlackElo "2500"]
[Annotator "Blatny,P"]
[PlyCount "65"]
[EventDate "1993.10.24"]
[EventType "team-tourn"]
[EventRounds "9"]
[EventCountry "SUI"]
[SourceTitle "CBM 038"]
[Source "ChessBase"]
[SourceDate "1994.02.01"]
[SourceVersion "1"]
[SourceVersionDate "1994.02.01"]
[SourceQuality "1"]
[WhiteTeam "Uzbekistan"]
[BlackTeam "Iceland"]
[WhiteTeamCountry "UZB"]
[BlackTeamCountry "ISL"]

1. e4 c5 2. g3 $5 d5 3. exd5 Qxd5 4. Nf3 Bg4 5. Bg2 Qe6+ 6. Kf1 Nc6 $1 (6...
Bh3 $6 7. b4 $1 cxb4 8. a3 Nc6 (8... b3 $6 9. Nc3 Nf6 10. Rb1 $1 Nc6 11. Rxb3
$40 {<->b}) 9. Bb2 Nf6 10. axb4 Nxb4 11. Na3 $40 {@ --> Nadyrhanov-Odeev/
Voskresensk/1993/}) 7. h3 Bh5 8. Nc3 $5 (8. d3 Qd7 $1 {/\e6} 9. Be3 $5 $14)
8... Nf6 9. d3 Qd7 10. g4 Bg6 11. Bf4 e6 12. g5 $6 (12. Nh4 Bd6 13. Nxg6 {+/=/=
}) 12... Nh5 13. Ne5 Nxe5 14. Bxe5 Bd6 15. Bxd6 Qxd6 16. h4 (16. Bxb7 $6 Rb8
17. Bf3 Nf4 18. Rb1 h6 $1 $132) 16... Qc7 17. Bf3 Nf4 18. Qd2 Rd8 19. Nb5 Qb8
20. h5 $2 (20. Qc3 $142 O-O 21. Rd1 $15 (21. Qxc5 $2 Rc8 22. Qxa7 Qxa7 23. Nxa7
Rxc2 $19 {_|_})) 20... Bxd3+ $1 (20... Bf5 21. Rh4) 21. cxd3 Rxd3 22. Qc2 Rxf3
23. Qe4 Rh3 24. Rxh3 Nxh3 25. Qe3 Qh2 26. Qxc5 Qg1+ (26... Qh1+ $142 27. Ke2
Nf4+ 28. Kd2 Qd5+ $1 (28... Qxa1 $4 29. Qc8+ Ke7 30. Qc7+ Ke8 31. Nd6+ Kf8 32.
Qxf7#) 29. Qxd5 Nxd5 30. Nxa7 Kd7 31. Nb5 {=/+/-/+ _|_}) 27. Ke2 Qg4+ $8 28.
Kf1 $8 Qg1+ 29. Ke2 Qxg5 $4 (29... Qg4+ $10) 30. Nc7+ Kd7 31. Rd1+ Kc8 32. Nd5+
$1 $18 Kb8 33. Qd6+ (33. Qd6+ Ka8 34. Nc7+ Kb8 35. Na6+ Ka8 36. Qb8+ Rxb8 37.
Nc7#) 1-0

[Event "URS-ch58"]
[Site "Moscow"]
[Date "1991.??.??"]
[Round "11"]
[White "Balashov, Yuri S"]
[Black "Korzubov, Peter"]
[Result "1-0"]
[WhiteElo "2590"]
[BlackElo "2455"]
[Annotator "Blatny,P"]
[PlyCount "121"]
[EventDate "1991.11.??"]
[EventType "swiss"]
[EventRounds "11"]
[EventCountry "URS"]
[SourceTitle "URS-ch"]
[Source "ChessBase"]
[SourceDate "1999.07.01"]
[SourceVersion "1"]
[SourceVersionDate "1999.07.01"]
[SourceQuality "1"]

1. e4 c5 2. Ne2 e5 3. Nec3 (3. Ng3 $5) 3... Nf6 4. Bc4 {><d5 /^a2-f7} Be7 (4...
Nxe4 $4 5. Nxe4 d5 6. Bb5+ Nc6 7. Ng3 $18) 5. d3 O-O 6. O-O Nc6 7. f4 b6 8. Nd5
(8. f5 {/\->>>}) 8... Bb7 9. Nbc3 exf4 10. Bxf4 Nxd5 11. Nxd5 $16 {Nd5,<->f,[+]
: ><d6,d5} d6 12. Qh5 Nd4 13. c3 (13. Rf2 {/\Raf1}) 13... Ne6 14. Rf3 {/\Rh3}
Nxf4 15. Nxf4 b5 16. Bd5 (16. Bxb5 Qb6 17. a4 a6 18. Bc4 Qxb2 19. Raf1 $40 Qxc3
20. Qxh7+ Kxh7 21. Rh3+ Kg8 22. Ng6 {/\Rh8#}) 16... Bxd5 17. Nxd5 {N : B} g6
18. Qg4 (18. Qh6 Bg5) 18... Rb8 {/\b4 <->b} 19. Raf1 Rb7 20. R3f2 {/\g3-h4
<->h->} (20. Rf5 $5 {/\R1f3 ->, ><d6,f7}) (20. Rf6 $6 {/\Qh4,Rf3-h3} Bxf6 21.
Nxf6+ Kg7 22. Qh4 h6 (22... h5 23. g4)) (20. Rh3 Qd7 21. Rf5) 20... Kg7 21. g3
Qd7 22. Qe2 Qe6 23. Kg2 Bd8 {<->e} 24. h4 (24. b3 Re8 25. c4 bxc4 26. bxc4)
24... Re8 {/\c4} 25. Qf3 c4 26. Re2 {/\d4} cxd3 27. Qxd3 Qe5 28. Rf4 f5 (28...
a5 $5) 29. Kf1 Rf7 30. exf5 Qxe2+ 31. Qxe2 Rxe2 32. Kxe2 (32. f6+ Bxf6 33. Kxe2
Be5 34. Rxf7+ Kxf7 $132) 32... Rxf5 33. Rxf5 gxf5 34. Ke3 {/\Kd4, ><f5,d6} Bf6
35. Nc7 Be5 (35... b4 36. Ne8+ Kf7 37. Nxf6 (37. Nxd6+ Ke6 38. Nb5 {/\Nd4} bxc3
39. Nxc3 $18) 37... Kxf6 (37... bxc3 38. Nd5 (38. bxc3 Kxf6 {_|_}) 38... cxb2 (
38... c2 39. Kd2 $18) 39. Nc3 Ke6 40. Kd4 $18) 38. cxb4 $18) 36. Kf3 b4 37.
cxb4 Bxb2 38. Ne8+ Kg6 (38... Kf7 39. Nxd6+ Ke6 40. Nc4) 39. Nxd6 Ba3 40. Nb5
Bxb4 41. Nxa7 Bc5 42. Nc6 Kf6 43. Na5 (43. a4 Ke6 44. a5 Kd6) 43... Ke6 44. Nc4
Kd5 45. Ne3+ Ke6 46. a4 Bb4 47. Ng2 Kd5 (47... Ke5 $142 48. Nf4 Bd2 49. Nd3+)
48. Nf4+ Kc4 (48... Ke5 $4 49. Nd3+ $18) 49. Nh5 Bd2 50. Ng7 Kb4 51. Nxf5 Kxa4
52. Nd6 Kb4 53. Ne4 Bc1 54. Nf6 h6 55. Kg4 Kc4 56. Kh5 Kd4 57. Ng4 Bd2 58. Nxh6
Ke5 59. Kg6 Be1 60. Nf5 Bd2 61. h5 1-0

[Event "URS-ch58"]
[Site "Moscow"]
[Date "1991.??.??"]
[Round "1"]
[White "Balashov, Yuri S"]
[Black "Kiselev, Sergey"]
[Result "0-1"]
[WhiteElo "2590"]
[BlackElo "2510"]
[Annotator "Blatny,P"]
[PlyCount "44"]
[EventDate "1991.11.??"]
[EventType "swiss"]
[EventRounds "11"]
[EventCountry "URS"]
[SourceTitle "URS-ch"]
[Source "ChessBase"]
[SourceDate "1999.07.01"]
[SourceVersion "1"]
[SourceVersionDate "1999.07.01"]
[SourceQuality "1"]

1. e4 c5 2. g3 Nc6 (2... d5 {[+]}) 3. Bg2 g6 4. d3 Bg7 5. f4 d6 6. Nf3 e5 (6...
e6 7. O-O Nge7 {/\0-0,f5,b6,Bb7}) 7. O-O Nge7 8. c3 (8. Nc3 Rb8 {/\b5}) 8...
O-O 9. a4 (9. Be3 exf4 10. Bxf4 d5 11. e5 d4 12. c4 Bg4 13. Re1 h6 14. h4 Re8
$132) 9... exf4 10. Bxf4 (10. gxf4 d5 $15) 10... h6 {/\Be6,g5,d5} 11. Na3 {
/\Nc4-e3} (11. h4 {><g4}) 11... Be6 12. Nb5 (12. Nc2 Bb3 {/\d5}) 12... a6 (
12... Nc8 {/\a6}) 13. Nxd6 g5 $1 14. Nxb7 Qb6 15. Bxg5 (15. Be3 Qxb7 16. Bxc5
Qxb2 $17) 15... Qxb7 (15... hxg5 16. Nxg5 Qxb7 17. Qh5 Rfd8 18. Qh7+ Kf8 19.
Nxe6+ $18) 16. Bxe7 Qxe7 17. Nh4 Rad8 18. Qe2 Rd7 19. Rae1 Ne5 20. Nf5 Qd8 $1 (
20... Bxf5 21. exf5 (21. Rxf5 Nxd3 $19) 21... Qf6 (21... Rxd3 $4 22. Qxd3) 22.
Be4) 21. Qh5 Bxf5 22. exf5 Qf6 $19 {קd3} 0-1

[Event "Voskresensk"]
[Site "Voskresensk"]
[Date "1993.??.??"]
[Round "?"]
[White "Nadyrhanov, Sergey"]
[Black "Odeev, Handszar"]
[Result "1-0"]
[WhiteElo "2460"]
[BlackElo "2405"]
[Annotator "Blatny,P"]
[PlyCount "49"]
[EventDate "1993.??.??"]
[EventType "tourn"]
[EventRounds "11"]
[EventCountry "RUS"]
[EventCategory "9"]
[SourceTitle "CBM 038"]
[Source "ChessBase"]
[SourceDate "1994.02.01"]
[SourceVersion "1"]
[SourceVersionDate "1994.02.01"]
[SourceQuality "1"]

1. e4 {Horvath,T} c5 2. g3 $5 d5 (2... Nc6 3. Bg2 g6 4. Ne2 Bg7 5. c3 $5 e5 (
5... d6 6. d4 cxd4 7. cxd4 Nf6 8. Nbc3 $14) 6. d3 Nge7 7. Be3 d6 8. a3 {/\b4+/=
}) 3. exd5 Qxd5 4. Nf3 Bg4 5. Bg2 Qe6+ (5... Qe4+ 6. Kf1 Nc6 7. Nc3 $14 {@}) 6.
Kf1 Bh3 $6 (6... Nc6 $142 7. h3 Bh5 8. d3 Qd7 9. g4 (9. Be3 $5) 9... Bg6 10.
Nh4 e6 11. Nxg6 hxg6 12. Nc3 Nf6 13. Be3 Be7 $10 {Suetin,A-Sveshnikov,E/Dubna/
1979/}) 7. b4 $1 (7. Nc3 Nc6 8. d3 Qd7 $1 9. Be3 Bxg2+ 10. Kxg2 e6 $10) 7...
cxb4 8. a3 Nc6 (8... b3 9. Nc3 Nf6 10. Rb1 $1 $40 {<<}) (8... g6 {Horvath,T} 9.
Bb2 Nf6 10. Ng5 Bxg2+ 11. Kxg2 Qc6+ 12. Qf3 bxa3 13. Rxa3 Bg7 14. Re1 Qxf3+ 15.
Rxf3 Nbd7 16. Ba3 e6 17. Nc3 $44) 9. Bb2 Nf6 10. axb4 Nxb4 11. Na3 {@} g6 12.
Rb1 a5 13. Bxf6 exf6 (13... Bxg2+ $142 14. Kxg2 Qxf6 15. c3 (15. Nb5 {Horvath,T
} Rc8 16. c3 Nc6 17. Nbd4 $1 $16) 15... Nd3 16. Rxb7 Qc6 17. Qb1 $40) 14. c3
Nc6 15. Nb5 $40 O-O-O 16. Kg1 $1 Rd3 $2 (16... Bxg2 $142 17. Kxg2 Qd5 $1 18. d4
{/\Qa4,c4->}) 17. Nfd4 (17. Nbd4 Qd7 18. Bxh3 Qxh3 19. Qe2 Rxd4 20. Nxd4 $18)
17... Qd7 18. Bxh3 Qxh3 19. Nxc6 $1 (19. Qe2) 19... bxc6 20. Na7+ Kd7 (20...
Kc7 21. Qb3 $18) 21. Rb7+ Kd8 22. Qb1 $18 Rd6 23. Qb6+ Ke8 24. Nxc6 Qg4 25. Qc7
1-0